Report on annual survey of industries, factory census (Record no. 504281)
[ view plain ]
| 000 -LEADER | |
|---|---|
| fixed length control field | 00513nam a22001457a 4500 |
| 005 - DATE AND TIME OF LATEST TRANSACTION | |
| control field | 20180809134104.0 |
| 008 - FIXED-LENGTH DATA ELEMENTS--GENERAL INFORMATION | |
| fixed length control field | 180809b ||||| |||| 00| 0 eng d |
| 040 ## - CATALOGING SOURCE | |
| Transcribing agency | |
| 082 ## - DEWEY DECIMAL CLASSIFICATION NUMBER | |
| Classification number | T2068x5461 D378 |
| 100 ## - MAIN ENTRY--PERSONAL NAME | |
| Personal name | India. Bureau of Economics and Statistics |
| 9 (RLIN) | 232 |
| 245 ## - TITLE STATEMENT | |
| Title | Report on annual survey of industries, factory census |
| Remainder of title | by Bureau of Economics and and Statistics |
| 260 ## - PUBLICATION, DISTRIBUTION, ETC. (IMPRINT) | |
| Place of publication, distribution, etc | Delhi |
| Name of publisher, distributor, etc | Bureau of Economics and Statistics |
| 500 ## - GENERAL NOTE | |
| General note | Library has 1981-82, 1982-83, 1988-89 and 1989-90 |
| 942 ## - ADDED ENTRY ELEMENTS (KOHA) | |
| Source of classification or shelving scheme | |
| Item type | GG |
| Withdrawn status | Lost status | Source of classification or shelving scheme | Damaged status | Koha normalized classification for sorting | Not for loan | Permanent location | Current location | Date acquired | Full call number | Barcode | Date last seen | Price effective from | Koha item type |
|---|---|---|---|---|---|---|---|---|---|---|---|---|---|
| T_2068X5461_D378 | Indian Institute of Public Administration | Indian Institute of Public Administration | 2018-08-09 | T2068x5461 D378 | GG32367 | 2018-08-09 | 2018-08-09 | GG | |||||
| T_2068X5461_D378 | Indian Institute of Public Administration | Indian Institute of Public Administration | 2018-08-09 | T2068x5461 D378 | GG32702 | 2018-08-09 | 2018-08-09 | GG | |||||
| T_2068X5461_D378 | Indian Institute of Public Administration | Indian Institute of Public Administration | 2018-08-09 | T2068x5461 D378 | GG33486 | 2018-08-09 | 2018-08-09 | GG | |||||
| T_2068X5461_D378 | Indian Institute of Public Administration | Indian Institute of Public Administration | 2018-08-09 | T2068x5461 D378 | GG33676 | 2018-08-09 | 2018-08-09 | GG | |||||
| T_2068X5461_D378 | Indian Institute of Public Administration | Indian Institute of Public Administration | 2018-08-09 | T2068x5461 D378 | GG33724 | 2018-08-09 | 2018-08-09 | GG | |||||
| T_2068X5461_D378 | Indian Institute of Public Administration | Indian Institute of Public Administration | 2018-08-09 | T2068x5461 D378 | GG33725 | 2018-08-09 | 2018-08-09 | GG |
